01576nam a22003614a 4500001001200000003000800012006001900020007001500039008004100054020003600095040002100131035002100152050002400173082001400197245014800211260003800359300001500397490007700412504005300489533015200542630005000694630002200744630005900766650005000825655002900875700002000904700001900924700004500943710001700988830006601005856012601071999001701197ebr10089766CaPaEBRm u cr cn|||||||||030821s2004 ne sb 011 0 eng  z9004136304 (cloth : alk. paper) aCaPaEBRcCaPaEBR a(OCoLC)19195299214aBS1192b.I33 2004eb04a221.622204aThe idea of biblical interpretationh[electronic resource] :bessays in honor of James L. Kugel /cedited by Hindy Najman and Judith H. Newman. aLeiden ;aBoston :bBrill,c2004. axx, 603 p.1 aSupplements to the Journal for the study of Judaism,x0169-9717 ;vv. 83 aIncludes bibliographical references and indexes. aElectronic reproduction.bPalo Alto, Calif. :cebrary,d2013.nAvailable via World Wide Web.nAccess may be limited to ebrary affiliated libraries.00aBible.pO.T.xCriticism, interpretation, etc.00aDead Sea scrolls.00aBible.pO.T.xCriticism, interpretation, etc., Jewish. 0aRabbinical literaturexHistory and criticism. 7aElectronic books.2local1 aKugel, James L.1 aNajman, Hindy.1 aNewman, Judith H.q(Judith Hood),d1961-2 aebrary, Inc. 0aSupplements to the Journal for the study of Judaism ;vv. 83.40uhttp://site.ebrary.com/lib/rucke/Doc?id=10089766zAn electronic book accessible through the World Wide Web; click to view c51852d51852